Loading...

Fundamentals of Information Technology

Bibliographic Details
Main Author: Leon, Alexis; Leon, Mathews
Format: Printed Book
Published: Leon Vikas: Chennai 1999
Subjects:
LEADER 00609nam a2200193 4500
020 |a 8125907890  |c 180 
082 |a R 001.5 LEO 
100 |a Leon, Alexis; Leon, Mathews 
245 |a Fundamentals of Information Technology  |c Leon, Alexis; Leon, Mathews 
250
260 |a Leon Vikas: Chennai  |c 1999 
300
490
500
590 |a Modern Book Centre  |b WCD146/04;30/04/04 
650 |a Computer and Information Technology 
942 |c BK 
999 |c 137991  |d 137991 
952 |0 0  |1 0  |4 0  |6 R_001_500000000000000_LEO  |7 0  |9 151451  |a IMK  |b IMK  |g 180.00  |l 0  |o R 001.5 LEO  |p IMK04997  |r 2019-10-25  |w 2019-10-25  |y BK